| 000 | 00525nam a2200193Ia 4500 | ||
|---|---|---|---|
| 003 | GCL | ||
| 008 | 140319s9999 xx 000 0 eng d | ||
| 040 |
_aGCL / _cGCL |
||
| 082 | 0 | 4 |
_a932.014 _bK P |
| 100 | 1 | _aKITCHEN, K.A. | |
| 245 | 1 | 0 |
_aPHARAOH TRUIMPHANT: THE LIFE AND TIMES OF RAMESESS II / _cKITCHEN, K.A. |
| 260 |
_a[S.N] : _bTHE AMERICAN UNIVERSITY IN CAIRO PRESS ، _c1990 |
||
| 300 | _a272 P | ||
| 650 | 0 | 4 | _aEGYPT |
| 650 | 0 | 4 | _aANCIENT EGYPT |
| 650 | 0 | 4 | _aEGYPTOLOGY |
| 650 | 0 | 4 | _aRAMSES II |
| 942 |
_2ddc _cBK |
||
| 999 |
_c17052 _d17052 |
||